000 00637nam a22002057a 4500
003 OSt
005 20251009044855.0
008 251009b |||||||| |||| 00| 0 eng d
020 _a9786218179226
040 _aDWCL-Main lib
_cOC
082 _aFil. 338.4791 P821t 2022
100 _aPo, Sarah M.
245 _aTour and Travel Management/
_cSarah M. Po
260 _aManila, Philippines :
_bEDRIC Publishing House,
_cc2022
300 _a136 pages :
_billustrations ;
_c25cm.
504 _aIncludes bibliographical references
650 _a1. Tourism-- Management
650 _a2. Travel agents
942 _2ddc
_cBK - FIL
_kFil.
_n0
999 _c4775
_d4775